000 00360nam a2200145Ia 4500
008 200103s9999||||xx |||||||||||||| ||und||
020 _a0876923716,
040 _aIMU-MPC
082 _aColumn-17
100 _aRajaraman, V.
245 0 _aComputer Programming in PASCAL
260 _bPrentice-Hall of India, New Delhi
_c1992
300 _aix, 219
942 _cBK
999 _c6111
_d6111